000 02065nam a2200205Ia 4500
003 Ost
005 20260507075731.0
008 260507s9999||||xx |||||||||||||| ||und||
040 _cfsecg
041 _aara
082 _a658
100 _aابو قحف، عبد السلام
_eمؤلف
245 0 _aسياسات واستراتيجيات الاعمال /
_c عبد السلام ابو قحف
260 _aالاسكندرية:
_bالدار الجامعية,
_c2004
300 _a549 صفحة؛
_bإيضاحات ؛
_c24 سم
520 _aهذا الكتاب : مقدمة وقضايا أساسية ، التغيرات والتحولات في بيئة الاعمال في ظل العولمة ، العولمة والمسؤولية الكونية لمنشأت الاعمال ، العولمة هل هي ظاهرة كلية أم جزئية ، سياسات الاعمال المفهوم والاهمية النسبية ونطاق الدراسة بناء ومراجعة سياست الاعمال الاستراتجيات ، الاستراتجيات الاركان الأساسية والمستويات ونماذج البناء تحديد القوة الدافعة للمنظمة وتنمية البدائل الاستراتجية ،الاستراتجيات الانواع والمجالات ، تنفيذ وتقييم الاستراتجيات ، للمديرين ورجال الاعمال البناء من أجل الاستمرار ، الديمومة ، سياسات نماذج تدويل النشاط ، التحالفات الاستراتجية بين الشركات الاسيو عربية الطريق الرابع سياسات واستراتجياعت الاستحواذوالاندماج في ظل العولمة ، خطط وسياسات ادارة الازمات ، ادارة الازمات ، مدخل التخطيط لادارة الازمات ، أمثلة لازمات ومشكلات من الواقع والاساليب التي استخدمت لحلها .
653 _aإدارة الأعمال
653 _aالعولمة
942 _cكتاب
999 _c46037
_d46037